Beckmann & Amerika : [auf Initiative des Kulturfonds Frankfurt Rheinmain im Rahmen des Projektes "Phänomen Expressionismus" ; anlässlich der Ausstellung Beckmann & Amerika, Städel-Museum, Frankfurt am Main, 7. Oktober 2011 bis 8. Januar 2012]
Saved in:
| Other Authors: | |
|---|---|
| Document Type: | Conference Proceeding Book |
| Language: | German |
| Published: |
Ostfildern
: Hatje Cantz
, 2011
|
| Subjects: | |
| Online Access: | Inhaltstext Inhaltsverzeichnis Rezension |
| Related Items: | Engl. Ausg. u.d.T.:
Beckmann & America Rezensiert in: [Rezension von: Beckmann & Amerika, Städel Museum, Frankfurt am Main - Max Beckmann. Die Landschaften, Kunstmuseum, Basel - Max Beckmann - von Angesicht zu Angesicht, Museum der bildenden Künste, Leipzig] Rezensiert in: Der unbekannte Beckmann Rezensiert in: Drei Ausstellungen |
| Author Notes: | hrsg. von Jutta Schütt. Mit Beitr. von David Anfam ... [Übers. Stefan Ripplinger] |
| LEADER | 06268cam a2201141 c 4500 | ||
|---|---|---|---|
| 001 | 654289050 | ||
| 003 | DE-627 | ||
| 005 | 20260616222848.0 | ||
| 007 | tu | ||
| 008 | 110316s2011 gw ||||| c 00| ||ger c | ||
| 015 | |a 11,N11 |2 dnb | ||
| 015 | |a 11,A46 |2 dnb | ||
| 016 | 7 | |a 1010500643 |2 DE-101 | |
| 020 | |a 9783775729871 |q Englisch |9 978-3-7757-2987-1 | ||
| 020 | |a 3775729844 |q Gb. : EUR 39.80 (DE), EUR 40.90 (AT), sfr 56.90 (freier Pr.)*Museumsausg. |9 3-7757-2984-4 | ||
| 020 | |a 9783775729840 |q : Gb. : EUR 39.80 (DE), EUR 40.90 (AT), sfr 56.90 (freier Pr.)*Museumsausg. |9 978-3-7757-2984-0 | ||
| 020 | |a 9783941399013 |9 978-3-941399-01-3 | ||
| 024 | 3 | |a 9783775729840 | |
| 028 | 5 | 2 | |a 317/02984 |
| 035 | |a (DE-627)654289050 | ||
| 035 | |a (DE-603)277327571 | ||
| 035 | |a (DE-576)345552113 | ||
| 035 | |a (DE-599)DNB1010500643 | ||
| 035 | |a (OCoLC)725003852 | ||
| 035 | |a (OCoLC)740906973 | ||
| 035 | |a (OCoLC)759855995 | ||
| 035 | |a (OCoLC)725003852 | ||
| 035 | |a (OCoLC)814524125 | ||
| 040 | |a DE-627 |b ger |c DE-627 |e rakwb | ||
| 041 | |a ger | ||
| 044 | |c XA-DE-BW | ||
| 082 | 0 | |a 700 |q SEPA | |
| 082 | 0 | |a 750 |q SEPA | |
| 082 | 0 | 4 | |a 750 |q DNB |
| 084 | |a 9,10 |2 ssgn | ||
| 084 | |a LI 14300 |2 rvk |0 (DE-625)rvk/95559:13278 | ||
| 084 | |a 20.31 |2 bkl | ||
| 084 | |a 21.02 |2 bkl | ||
| 245 | 0 | 0 | |a Beckmann & Amerika |b [auf Initiative des Kulturfonds Frankfurt Rheinmain im Rahmen des Projektes "Phänomen Expressionismus" ; anlässlich der Ausstellung Beckmann & Amerika, Städel-Museum, Frankfurt am Main, 7. Oktober 2011 bis 8. Januar 2012] |c hrsg. von Jutta Schütt. Mit Beitr. von David Anfam ... [Übers. Stefan Ripplinger] |
| 246 | 3 | 3 | |a Beckmann und Amerika |
| 264 | 1 | |a Ostfildern |b Hatje Cantz |c 2011 | |
| 300 | |a 280 S. |b zahlr. Ill., Kt. |c 28 x 23 cm, 10 g | ||
| 336 | |a Text |b txt |2 rdacontent | ||
| 336 | |a unbewegtes Bild |b sti |2 rdacontent | ||
| 337 | |a ohne Hilfsmittel zu benutzen |b n |2 rdamedia | ||
| 338 | |a Band |b nc |2 rdacarrier | ||
| 500 | |a Literaturverz.S. 270 - 275 | ||
| 583 | 1 | |a Archivierung/Langzeitarchivierung gewährleistet |f PEBW |x XA-DE-BW |2 pdager |5 DE-24 | |
| 583 | 1 | |a Archivierung/Langzeitarchivierung gewährleistet |f SSG |x XA-DE-BW |2 pdager |5 DE-16 | |
| 600 | 1 | 7 | |0 (DE-588)118508210 |0 (DE-627)189527722 |0 (DE-576)160220440 |a Beckmann, Max |d 1884-1950 |2 gnd |
| 648 | 7 | |a Geschichte 1947-1950 |2 gnd | |
| 650 | 0 | 7 | |0 (DE-588)4037220-0 |0 (DE-627)10623871X |0 (DE-576)209022892 |a Malerei |2 gnd |
| 651 | 7 | |0 (DE-588)4078704-7 |0 (DE-627)106076612 |0 (DE-576)209209682 |a USA |2 gnd | |
| 653 | |a Beckmann, Max | ||
| 653 | |a Hardback | ||
| 653 | |a Klassische Moderne | ||
| 653 | |a Malerei | ||
| 653 | |a classical modern art | ||
| 653 | |a painting | ||
| 655 | 7 | |a Ausstellungskatalog |y 2011 |z Frankfurt, Main |0 (DE-588)4135467-9 |0 (DE-627)10566491X |0 (DE-576)209660988 |2 gnd-content | |
| 655 | 7 | |a Ausstellungskatalog |x Städelsches Kunstinstitut und Städtische Galerie |y 07.10.2011-08.01.2012 |0 (DE-588)4135467-9 |0 (DE-627)10566491X |0 (DE-576)209660988 |2 gnd-content | |
| 655 | 7 | |a Bildband |0 (DE-588)4145395-5 |0 (DE-627)104450835 |0 (DE-576)209741139 |2 gnd-content | |
| 655 | 7 | |a Ausstellungskatalog |x Städel Museum |y 07.10.2011-08.01.2012 |z Frankfurt am Main |0 (DE-588)4135467-9 |0 (DE-627)10566491X |0 (DE-576)209660988 |2 gnd-content | |
| 689 | 0 | 0 | |d p |0 (DE-588)118508210 |0 (DE-627)189527722 |0 (DE-576)160220440 |a Beckmann, Max |d 1884-1950 |2 gnd |
| 689 | 0 | 1 | |d g |0 (DE-588)4078704-7 |0 (DE-627)106076612 |0 (DE-576)209209682 |a USA |2 gnd |
| 689 | 0 | 2 | |d s |0 (DE-588)4037220-0 |0 (DE-627)10623871X |0 (DE-576)209022892 |a Malerei |2 gnd |
| 689 | 0 | 3 | |a z |2 gnd |a Geschichte 1947-1950 |
| 689 | 0 | |5 DE-101 | |
| 689 | 1 | 0 | |d g |0 (DE-588)4001670-5 |0 (DE-627)106396161 |0 (DE-576)208843884 |a Amerika |2 gnd |
| 689 | 1 | 1 | |d p |0 (DE-588)118508210 |0 (DE-627)189527722 |0 (DE-576)160220440 |a Beckmann, Max |d 1884-1950 |2 gnd |
| 689 | 1 | |5 (DE-627) | |
| 700 | 1 | |a Beckmann, Max |d 1884-1950 |e Ill. |0 (DE-588)118508210 |0 (DE-627)189527722 |0 (DE-576)160220440 |4 ill | |
| 700 | 1 | |a Schütt, Jutta |d 1955-2016 |e Hrsg. |0 (DE-588)114328811 |0 (DE-627)584886837 |0 (DE-576)173024645 |4 edt | |
| 700 | 1 | |a Anfam, David |d 1955-2024 |0 (DE-588)142891177 |0 (DE-627)640561535 |0 (DE-576)168379104 |4 oth | |
| 700 | 1 | |a Ripplinger, Stefan |d 1962- |0 (DE-588)122845072 |0 (DE-627)588713503 |0 (DE-576)301355568 |4 oth | |
| 710 | 2 | |a Städel Museum |0 (DE-588)5313082-0 |0 (DE-627)265459915 |0 (DE-576)197493009 |4 oth | |
| 711 | 2 | |a Ausstellung Beckmann & Amerika |d 2011 - 2012 |c Frankfurt, Main |0 (DE-588)16326522-7 |0 (DE-627)670178136 |0 (DE-576)35172088X |4 oth | |
| 776 | 0 | 8 | |i Engl. Ausg. u.d.T. |t Beckmann & America |d Ostfildern : Hatje Cantz, 2011 |h 280 S. |w (DE-627)654289069 |w (DE-576)352284978 |z 9783775729840 |z 9783775729857 |
| 787 | 0 | 8 | |i Rezensiert in |a Gispert, Marie, 1978 - |t [Rezension von: Beckmann & Amerika, Städel Museum, Frankfurt am Main - Max Beckmann. Die Landschaften, Kunstmuseum, Basel - Max Beckmann - von Angesicht zu Angesicht, Museum der bildenden Künste, Leipzig] |d 2013 |w (DE-627)187849693X |
| 787 | 0 | 8 | |i Rezensiert in |t Der unbekannte Beckmann |d 2012 |w (DE-627)1445439654 |w (DE-576)37543965X |
| 787 | 0 | 8 | |i Rezensiert in |t Drei Ausstellungen |d 2012 |w (DE-627)1452509654 |w (DE-576)38250965X |
| 856 | 4 | 2 | |u http://deposit.dnb.de/cgi-bin/dokserv?id=3683963&prov=M&dok_var=1&dok_ext=htm |m X:MVB |q text/html |x Verlag |3 Inhaltstext |7 1 |
| 856 | 4 | 2 | |u http://d-nb.info/1010500643/04 |m B:DE-101 |q application/pdf |3 Inhaltsverzeichnis |7 1 |
| 856 | 4 | 2 | |u http://www.titel-magazin.de/artikel/167/10328/beckmann-und-amerika---im-frankfurter-städel-museum.html |x Verlag |3 Rezension |7 1 |
| 935 | |i Blocktest | ||
| 936 | r | v | |a LI 14300 |b Werkverzeichnisse, Ausstellungskataloge. Personalbibliografien |k Kunstgeschichte |k Künstler-Monografien |k Alphabetische Künstlerliste |k Künstler B |k Beckmann, Max (bis 14310) |k Werkverzeichnisse, Ausstellungskataloge. Personalbibliografien |0 (DE-627)1270641816 |0 (DE-625)rvk/95559:13278 |0 (DE-576)200641816 |
| 936 | b | k | |a 20.31 |j Bildende Künstler |0 (DE-627)181571080 |
| 936 | b | k | |a 21.02 |j Geschichte der Malerei |0 (DE-627)106406698 |
| 936 | s | n | |a l300 |2 mzub |
| 951 | |a BO | ||
| 990 | |a Beckmann, Max | ||
| 990 | |a USA | ||
| 990 | |a Malerei | ||
| 990 | |a Geschichte 1947-1950 | ||
| 990 | |a Amerika | ||
| 990 | |a Beckmann, Max | ||
| 991 | |a Rezensiertes Werk | ||
| 999 | |a KXP-PPN654289050 |e 4967728227 | ||


